[Event "DRAGOMANOV FIT 2025-MASTERS"]
[Site "Kyiv"]
[Date "2025.10.01"]
[Round "2.5"]
[White "Mamedov, Ruslan"]
[Black "Mikhalsky, Vladimir"]
[Result "1/2-1/2"]
[WhiteElo "2225"]
[BlackElo "2219"]
[Annotator "Prokhorov,Oleksandr"]
[PlyCount "102"]
[EventDate "2025.09.30"]
[EventType "swiss"]
[EventRounds "10"]
[EventCountry "UKR"]
[EventCategory "1"]

1. e4 g6 2. d4 Bg7 3. Nc3 d6 4. f4 a6 5. Nf3 b5 6. Bd3 c5 7. dxc5 dxc5 8. e5
Bb7 9. O-O Nd7 10. Be4 Bxe4 11. Nxe4 Qb6 12. Be3 Qc6 13. Qd3 Nh6 14. Rad1 Ng4
15. Bc1 h5 16. h3 Nh6 17. Qd5 Rc8 18. Qxc6 Rxc6 19. Rd5 e6 20. Rd3 c4 21. Rd6
Rxd6 22. Nxd6+ Ke7 23. Bd2 Nf5 24. Bb4 Nxd6 25. Bxd6+ Ke8 26. b3 Nb6 27. Nd2
Bf8 28. bxc4 Bxd6 29. exd6 Nxc4 30. Nxc4 bxc4 31. Rb1 Kd7 32. Rb6 a5 $11 33.
Kf2 Rc8 34. Ke3 Rc5 35. Rb7+ Kxd6 36. Rxf7 g5 37. g4 hxg4 38. hxg4 gxf4+ 39.
Rxf4 c3 40. Kd3 Rc7 41. Ra4 Rc5 42. Rf4 Rc7 43. g5 Ke5 44. Rf8 Rg7 45. Ra8 Kf4
46. Rxa5 e5 47. Ra4+ Kf3 48. Kxc3 Rxg5 49. Kd3 Rg8 50. Rh4 Rd8+ 51. Kc4 e4
1/2-1/2

[Event "DRAGOMANOV FIT 2025-MASTERS"]
[Site "Kyiv"]
[Date "2025.10.01"]
[Round "3.1"]
[White "Kislinsky, Alexey"]
[Black "Khristovoy, Roman"]
[Result "1/2-1/2"]
[WhiteElo "2341"]
[BlackElo "2111"]
[Annotator "Prokhorov,Oleksandr"]
[PlyCount "62"]
[EventDate "2025.09.30"]
[EventType "swiss"]
[EventRounds "10"]
[EventCountry "UKR"]
[EventCategory "1"]

1. e4 c5 2. Nc3 Nc6 3. Bb5 Nd4 4. a4 g6 5. Nge2 Bg7 6. O-O e6 7. Nxd4 cxd4 8.
Ne2 Ne7 9. c3 a6 10. Bd3 Nc6 11. Nxd4 Nxd4 12. cxd4 Bxd4 13. Rb1 O-O 14. b4 b6
15. Qe2 Bb7 16. Bb2 Qf6 17. e5 Qg5 18. g3 Bxb2 19. Rxb2 d6 20. f4 Qd8 21. Be4
Bxe4 22. Qxe4 dxe5 23. fxe5 Qd7 24. d4 Rad8 25. Rf4 Qxa4 26. Rbf2 Rc8 27. Rf6
Rc1+ 28. Kg2 Qd1 29. Kh3 Qh5+ 30. Kg2 Qd1 31. Kh3 Qh5+ 1/2-1/2

[Event "DRAGOMANOV FIT 2025-MASTERS"]
[Site "Kyiv"]
[Date "2025.10.01"]
[Round "3.2"]
[White "Podolskyi, Mykhailo"]
[Black "Shkuta, Igor"]
[Result "1-0"]
[WhiteElo "2259"]
[BlackElo "1884"]
[Annotator "Prokhorov,Oleksandr"]
[PlyCount "71"]
[EventDate "2025.09.30"]
[EventType "swiss"]
[EventRounds "10"]
[EventCountry "UKR"]
[EventCategory "1"]

1. d4 Nf6 2. c4 e6 3. Nf3 b6 4. a3 Bb7 5. Nc3 Be7 6. Bg5 d5 7. e3 Nbd7 8. Rc1
O-O 9. cxd5 exd5 10. Bd3 h6 11. Bf4 c6 12. h3 Re8 13. O-O Bf8 14. Qe2 b5 15. a4
b4 16. Nb1 a5 17. Nbd2 Ne4 18. Rfd1 Qb6 19. Bxe4 dxe4 20. Ne5 Nxe5 21. dxe5 c5
22. Nc4 Qe6 23. Nd6 Ba6 24. Qg4 Qxg4 25. hxg4 Bxd6 26. exd6 Be2 27. Rd5 Bxg4
28. Rcxc5 Bd7 29. Rxa5 g5 30. Bg3 f6 31. b3 Kf7 32. Rac5 Ra7 33. Rd4 Rb7 34.
Rc7 Reb8 35. Rxe4 Rxc7 36. Re7+ 1-0

[Event "DRAGOMANOV FIT 2025-MASTERS"]
[Site "Kyiv"]
[Date "2025.10.01"]
[Round "3.3"]
[White "Shton, Roman"]
[Black "Herasymenko, Maksym"]
[Result "1/2-1/2"]
[WhiteElo "2081"]
[BlackElo "1990"]
[Annotator "Prokhorov,Oleksandr"]
[PlyCount "60"]
[EventDate "2025.09.30"]
[EventType "swiss"]
[EventRounds "10"]
[EventCountry "UKR"]
[EventCategory "1"]

1. d4 d5 2. Nf3 Nf6 3. g3 Bf5 4. Bg2 h6 5. c4 c6 6. Nc3 e6 7. Qb3 Qb6 8. c5
Qxb3 9. axb3 Na6 10. Ra4 Nd7 11. O-O f6 12. Re1 Nc7 13. b4 a6 14. Nd2 O-O-O 15.
e4 dxe4 16. Bxe4 Bxe4 17. Ncxe4 Nb5 18. Nc4 e5 19. dxe5 Nxe5 20. Nb6+ Kb8 21.
Bf4 Ka7 22. Bxe5 fxe5 23. Nc3 Be7 24. Nc4 Bf6 25. Nxe5 Rhe8 26. f4 Bxe5 27.
fxe5 Rd2 28. Nxb5+ cxb5 29. Ra3 Rxb2 30. e6 Rd8 $11 1/2-1/2

[Event "DRAGOMANOV FIT 2025-MASTERS"]
[Site "Kyiv"]
[Date "2025.10.01"]
[Round "3.4"]
[White "Gromosiak, Antonii"]
[Black "Mamedov, Ruslan"]
[Result "1-0"]
[WhiteElo "1894"]
[BlackElo "2225"]
[Annotator "Prokhorov,Oleksandr"]
[PlyCount "73"]
[EventDate "2025.09.30"]
[EventType "swiss"]
[EventRounds "10"]
[EventCountry "UKR"]
[EventCategory "1"]

1. e4 c5 2. Nf3 d6 3. d4 cxd4 4. Nxd4 Nf6 5. Nc3 g6 6. Be3 Bg7 7. f3 O-O 8. Qd2
Nc6 9. O-O-O d5 10. Kb1 Nxd4 11. Bxd4 dxe4 12. fxe4 Be6 13. Be2 a6 14. Bf3 Rc8
15. Rhe1 Qc7 16. g4 Rfd8 17. Qe2 Rxd4 18. Rxd4 Nxg4 19. Nd5 Bxd5 20. Bxg4 Bxd4
21. Bxc8 Qb6 22. c3 Bxc3 23. exd5 Bxe1 24. Qxe1 Qc7 25. Qc1 Qxh2 26. Bxb7 h5
27. Bxa6 h4 28. Bf1 Qh1 29. Qc8+ Kg7 30. Qc3+ f6 31. Qd3 g5 32. Qe2 h3 33.
Qxe7+ Kg6 34. Qe8+ Kg7 35. Qd7+ Kg6 36. Qxh3 Qxd5 37. Qd3+ 1-0

[Event "DRAGOMANOV FIT 2025-MASTERS"]
[Site "Kyiv"]
[Date "2025.10.01"]
[Round "3.5"]
[White "Mikhalsky, Vladimir"]
[Black "Rodin, Alexey"]
[Result "1-0"]
[WhiteElo "2219"]
[BlackElo "1830"]
[Annotator "Prokhorov,Oleksandr"]
[PlyCount "85"]
[EventDate "2025.09.30"]
[EventType "swiss"]
[EventRounds "10"]
[EventCountry "UKR"]
[EventCategory "1"]

1. d4 Nf6 2. Nc3 d5 3. Bf4 e6 4. Nb5 Bb4+ 5. c3 Ba5 6. a4 a6 7. b4 Bxb4 8. cxb4
axb5 9. axb5 Rxa1 10. Qxa1 Nh5 11. Bd2 Bd7 12. e3 O-O 13. Bd3 Nf6 14. f3 Qe8
15. Qa4 e5 16. dxe5 Qxe5 17. Ne2 c6 18. bxc6 Nxc6 19. b5 Ne7 20. Qd4 Qg5 21. g4
Qh4+ 22. Ng3 Ra8 23. Bc3 Ra2 24. Bb2 h6 25. O-O Qh3 26. Rc1 Ng6 27. Bxg6 fxg6
28. Rc7 Kf7 29. Rxd7+ Nxd7 30. Qxd5+ Ke7 31. Qxa2 h5 32. Qc4 hxg4 33. Qxg4 Qxg4
34. fxg4 Kf7 35. Ne4 b6 36. Bd4 Kg8 37. Nd6 Kf8 38. Nc4 Ke7 39. Nxb6 Nxb6 40.
Bxb6 Kd6 41. Bd4 Kd5 42. b6 Kc6 43. e4 1-0

[Event "DRAGOMANOV FIT 2025-MASTERS"]
[Site "Kyiv"]
[Date "2025.10.01"]
[Round "3.6"]
[White "Diak, Hryhorii"]
[Black "Khristovoy, Dmitriy"]
[Result "1/2-1/2"]
[WhiteElo "1956"]
[BlackElo "2163"]
[Annotator "Prokhorov,Oleksandr"]
[PlyCount "80"]
[EventDate "2025.09.30"]
[EventType "swiss"]
[EventRounds "10"]
[EventCountry "UKR"]
[EventCategory "1"]

1. d4 Nf6 2. c4 e6 3. Nf3 b6 4. a3 Bb7 5. Nc3 Ne4 6. Qc2 Nxc3 7. Qxc3 Be7 8. g3
Bf6 9. Qd3 c5 10. dxc5 bxc5 11. Bg2 d5 12. cxd5 Qxd5 13. Qc2 Nc6 14. Be3 Nd4
15. Bxd4 cxd4 16. O-O O-O 17. Ne1 Qd7 18. Bxb7 Qxb7 19. Nd3 Rac8 20. Qd2 e5 21.
b4 e4 22. Nc5 Qd5 23. Rad1 Rfe8 24. Qf4 h5 25. h4 Rc6 26. f3 exf3 27. e4 Qe5
28. Qxf3 Re7 29. Rf2 g6 30. Rdf1 Bg7 31. Qb3 Rf6 32. Rxf6 Bxf6 33. Rf4 Bg7 34.
Qd5 Qc7 35. Kg2 Re8 36. Rf3 Rd8 37. Qb3 Qe7 38. Qc4 Qc7 39. Qb3 Bf8 40. Nd3 Qe7
$11 1/2-1/2

[Event "DRAGOMANOV FIT 2025-MASTERS"]
[Site "Kyiv"]
[Date "2025.10.01"]
[Round "3.7"]
[White "Alexikov, Alexander"]
[Black "Zhukovskyi, Oleksandr"]
[Result "0-1"]
[WhiteElo "2176"]
[BlackElo "2145"]
[Annotator "Prokhorov,Oleksandr"]
[PlyCount "58"]
[EventDate "2025.09.30"]
[EventType "swiss"]
[EventRounds "10"]
[EventCountry "UKR"]
[EventCategory "1"]

1. d4 Nf6 2. c4 c5 3. Nf3 cxd4 4. Nxd4 e5 5. Nb5 Bc5 6. Nd6+ Ke7 7. Nxc8+ Qxc8
8. a3 b5 9. Bg5 Qc6 10. cxb5 Qxb5 11. b4 Bb6 12. Nc3 Qc4 13. Rc1 Bd4 14. Qd2
Bxc3 15. Rxc3 Qe6 16. e4 Nc6 17. Bc4 Qd6 18. Qxd6+ Kxd6 19. Bxf6 gxf6 20. Bxf7
a5 21. b5 Nd4 22. Bc4 a4 23. Kd2 Rhc8 24. Rb1 Rc5 25. Rb4 Rac8 26. Kd3 f5 27.
f3 f4 28. b6 Rb8 29. Bd5 Rb5 {time} 0-1

[Event "DRAGOMANOV FIT 2025-MASTERS"]
[Site "Kyiv"]
[Date "2025.10.01"]
[Round "3.8"]
[White "Nikolaev, Leonid"]
[Black "Vashchenko, Illia"]
[Result "1-0"]
[WhiteElo "2206"]
[BlackElo "1808"]
[Annotator "Prokhorov,Oleksandr"]
[PlyCount "51"]
[EventDate "2025.09.30"]
[EventType "swiss"]
[EventRounds "10"]
[EventCountry "UKR"]
[EventCategory "1"]

1. e4 c5 2. Nf3 d6 3. Bb5+ Nd7 4. O-O a6 5. Bd3 Ngf6 6. c3 b5 7. Bc2 Bb7 8. Re1
c4 9. b3 g6 10. bxc4 bxc4 11. Na3 Rc8 12. Rb1 Ba8 13. Qe2 Qc7 14. Rb4 Nb6 15.
e5 Nfd5 16. exd6 Qxd6 17. Nxc4 Qc7 18. Nxb6 Nxb4 19. Nxa8 Rxa8 20. Ba4+ Kd8 21.
cxb4 Bg7 22. d4 Bf6 23. Qe4 Qa7 24. Qd5+ Kc8 25. Bf4 e5 26. Rc1+ 1-0

[Event "DRAGOMANOV FIT 2025-MASTERS"]
[Site "Kyiv"]
[Date "2025.10.01"]
[Round "3.9"]
[White "Mikhaletz, Lubomir"]
[Black "Zhukovskyi, Myhaylo"]
[Result "1/2-1/2"]
[WhiteElo "2256"]
[BlackElo "2156"]
[Annotator "Prokhorov,Oleksandr"]
[PlyCount "63"]
[EventDate "2025.09.30"]
[EventType "swiss"]
[EventRounds "10"]
[EventCountry "UKR"]
[EventCategory "1"]

1. d4 Nf6 2. Nf3 e6 3. c4 d5 4. Nc3 Bb4 5. Bg5 h6 6. Bxf6 Qxf6 7. Qb3 Bxc3+ 8.
Qxc3 c6 9. e3 Nd7 10. b4 O-O 11. b5 Re8 12. cxd5 cxd5 13. a4 e5 14. dxe5 Nxe5
15. Nxe5 Rxe5 16. Be2 Bf5 17. O-O Bh3 18. Rfc1 Qg6 19. g3 Qe4 20. Bf1 Bxf1 21.
Rxf1 Re7 22. Rad1 Qxa4 23. Rxd5 Qe4 24. Rfd1 Rae8 25. Qd4 Qxd4 26. R1xd4 f6 27.
h4 Kf7 28. Kg2 Re5 29. Rxe5 Rxe5 30. Ra4 Rxb5 31. Rxa7 f5 32. h5 $11 1/2-1/2

[Event "DRAGOMANOV FIT 2025-MASTERS"]
[Site "Kyiv"]
[Date "2025.10.01"]
[Round "3.10"]
[White "Romanov, Vladimir"]
[Black "Anatskiy, Alexey"]
[Result "1-0"]
[WhiteElo "1925"]
[BlackElo "1846"]
[Annotator "Prokhorov,Oleksandr"]
[PlyCount "129"]
[EventDate "2025.09.30"]
[EventType "swiss"]
[EventRounds "10"]
[EventCountry "UKR"]
[EventCategory "1"]

1. e4 c6 2. Nc3 d5 3. Qf3 e6 4. d4 Nf6 5. e5 Nfd7 6. Nh3 Be7 7. Qg3 g6 8. Bg5
b6 9. f4 Ba6 10. O-O-O Bxf1 11. Rhxf1 Na6 12. Kb1 h6 13. Bxe7 Qxe7 14. Nf2 Nc7
15. h3 O-O-O 16. Ne2 Kb7 17. Rc1 b5 18. Qf3 h5 19. g3 Na8 20. Nd3 Nab6 21. c3
Nc4 22. Rc2 a5 23. Ka1 a4 24. Nec1 Ra8 25. Rh1 Kc7 26. Rch2 Rh7 27. Kb1 Kb7 28.
Qf2 Kc7 29. Kc2 Kb7 30. Kd1 Kc7 31. Ke1 Ncb6 32. Qe3 Nc4 $11 33. Qf3 Ncb6 34.
Rc2 Qf8 35. Rf2 Qe7 36. Rhh2 Rhh8 37. Kf1 Nc4 38. Kg1 Ncb6 39. Kh1 Nc4 40. Rc2
Ncb6 41. Nf2 Kb7 42. Kg2 Rhg8 43. Rh1 g5 44. f5 exf5 45. Qxf5 Nc4 46. Re2 Qe6
47. g4 Rae8 48. Rf1 Kb6 49. Nfd3 f6 50. b3 axb3 51. axb3 Na5 52. Nc5 Nxc5 53.
dxc5+ Kc7 54. exf6 Qxf5 55. Rxf5 Rxe2+ 56. Nxe2 hxg4 57. Nd4 gxh3+ 58. Kxh3 Kd7
59. Kg4 Nb7 60. b4 Nd8 61. Rxg5 Rxg5+ 62. Kxg5 Nf7+ 63. Kf5 Nd8 64. Kg6 Ke8 65.
Kg7 1-0

[Event "DRAGOMANOV FIT 2025-MASTERS"]
[Site "Kyiv"]
[Date "2025.10.02"]
[Round "4.1"]
[White "Shkuta, Igor"]
[Black "Kislinsky, Alexey"]
[Result "0-1"]
[WhiteElo "1884"]
[BlackElo "2341"]
[Annotator "Prokhorov,Oleksandr"]
[PlyCount "138"]
[EventDate "2025.09.30"]
[EventType "swiss"]
[EventRounds "10"]
[EventCountry "UKR"]
[EventCategory "1"]

1. Nf3 g6 2. g3 Bg7 3. Bg2 d6 4. d4 Nf6 5. O-O O-O 6. c4 Nbd7 7. Nc3 e5 8. b3
Re8 9. dxe5 dxe5 10. e4 c6 11. h3 a6 12. Be3 Qe7 13. Qc2 b5 14. a3 bxc4 15.
bxc4 Nc5 16. Nd2 Nfd7 17. Na4 Ne6 18. Rfe1 Rb8 19. Qc3 h5 20. Rab1 Rxb1 21.
Nxb1 h4 22. Kh2 hxg3+ 23. fxg3 Nd4 24. Qd2 Qe6 25. Qc3 Nf6 26. Nd2 Qe7 27. c5
Be6 28. Nb6 Rd8 29. Kh1 Nh5 30. Kh2 Bf6 31. Nf3 Kg7 32. Bf2 Qc7 33. Nc4 Nb5 34.
Qc2 Rh8 35. a4 Nd4 36. Nxd4 exd4 37. e5 Be7 38. Nd6 Qd7 39. h4 g5 40. Qe4 gxh4
41. gxh4 Kf8 42. Qxd4 Qd8 43. Re3 Ng7 44. Re4 Rg8 45. Rf4 Nh5 46. Re4 Rg6 47.
Bf3 Ng7 48. Bg4 Qd7 49. Bxe6 Nxe6 50. Qe3 Kg8 51. Qf3 Bf8 52. Rg4 Bg7 53. Rxg6
fxg6 54. Qe4 Nf8 55. Bg3 Kh8 56. Qf3 Ne6 57. Qe3 Kh7 58. Ne4 Qd5 59. Ng5+ Nxg5
60. hxg5 Bf8 61. Bf2 Kg8 62. Kg3 Bg7 63. e6 Be5+ 64. Kh4 Qc4+ 65. Kh3 Qxe6+ 66.
Kh4 Qc4+ 67. Kh3 Qf1+ 68. Kg4 Qd1+ 69. Qf3 Qd7+ 0-1

[Event "DRAGOMANOV FIT 2025-MASTERS"]
[Site "Kyiv"]
[Date "2025.10.02"]
[Round "4.2"]
[White "Herasymenko, Maksym"]
[Black "Podolskyi, Mykhailo"]
[Result "1/2-1/2"]
[WhiteElo "1990"]
[BlackElo "2259"]
[Annotator "Prokhorov,Oleksandr"]
[PlyCount "64"]
[EventDate "2025.09.30"]
[EventType "swiss"]
[EventRounds "10"]
[EventCountry "UKR"]
[EventCategory "1"]

1. d4 d5 2. c4 e6 3. Nf3 c6 4. Nc3 dxc4 5. e3 b5 6. a4 Bb4 7. Bd2 a5 8. axb5
Bxc3 9. Bxc3 cxb5 10. b3 Bb7 11. bxc4 b4 12. Bb2 Nf6 13. Bd3 O-O 14. O-O Qc7
15. Re1 Nbd7 16. e4 e5 17. c5 exd4 18. Rc1 Ne5 19. Bxd4 Nxd3 20. Qxd3 Ra6 21.
Ne5 Re6 22. f4 Rd8 23. Rcd1 h6 24. h3 Nxe4 25. Rxe4 Bxe4 26. Qxe4 f6 27. Qf5
Rxe5 28. fxe5 fxe5 29. Qe6+ Kh7 30. c6 exd4 31. h4 $11 d3 32. h5 Rc8 $11
1/2-1/2

[Event "DRAGOMANOV FIT 2025-MASTERS"]
[Site "Kyiv"]
[Date "2025.10.02"]
[Round "4.3"]
[White "Mamedov, Ruslan"]
[Black "Shton, Roman"]
[Result "1/2-1/2"]
[WhiteElo "2225"]
[BlackElo "2081"]
[Annotator "Prokhorov,Oleksandr"]
[PlyCount "73"]
[EventDate "2025.09.30"]
[EventType "swiss"]
[EventRounds "10"]
[EventCountry "UKR"]
[EventCategory "1"]

1. e4 c5 2. Nf3 d6 3. c3 Nf6 4. Qc2 Qc7 5. Be2 g6 6. O-O Bg7 7. Re1 O-O 8. h3
e5 9. Na3 a6 10. Nc4 b5 11. Ne3 Bb7 12. d3 Nbd7 13. a4 Nb6 14. axb5 axb5 15.
Rxa8 Rxa8 16. Nh2 d5 17. Nhg4 Nxg4 18. hxg4 d4 19. Nf1 c4 20. Bd2 Qd7 21. cxd4
exd4 22. dxc4 bxc4 23. Bxc4 Rc8 24. b3 Nxc4 25. bxc4 Ba6 26. c5 Qxg4 27. Bb4 d3
28. Qa2 Bb5 29. Qd5 Qf4 30. Ne3 Bc6 31. Qxd3 Bxe4 32. Qd7 Rb8 33. Ba5 Be5 34.
Nf1 Bf5 35. Qd2 Qxd2 36. Bxd2 f6 37. Ng3 $11 1/2-1/2

[Event "DRAGOMANOV FIT 2025-MASTERS"]
[Site "Kyiv"]
[Date "2025.10.02"]
[Round "4.4"]
[White "Rodin, Alexey"]
[Black "Gromosiak, Antonii"]
[Result "0-1"]
[WhiteElo "1830"]
[BlackElo "1894"]
[Annotator "Prokhorov,Oleksandr"]
[PlyCount "146"]
[EventDate "2025.09.30"]
[EventType "swiss"]
[EventRounds "10"]
[EventCountry "UKR"]
[EventCategory "1"]

1. d4 Nf6 2. c4 g6 3. Nc3 Bg7 4. e4 d6 5. Be2 O-O 6. h4 e5 7. d5 Nbd7 8. h5 Nc5
9. Qc2 a5 10. Be3 Bd7 11. O-O-O a4 12. h6 Bh8 13. Nh3 Qe7 14. f3 Rfb8 15. g4 b6
16. Nf2 Be8 17. Bg5 Ra5 18. Rhe1 Qf8 19. Nb5 Qe7 20. Na3 Qf8 21. Bf1 Nfd7 22.
Nb5 Rb7 23. Re3 f6 24. Bh4 Qxh6 25. g5 Qxh4 26. gxf6 Nxf6 27. Ra3 Bg7 28. Kb1
Bxb5 29. cxb5 Ra8 30. Nd3 Rbb8 31. Nxc5 dxc5 32. Rxa4 Bf8 33. Ra6 Re8 34. d6
Bxd6 35. Qc4+ Kg7 36. a3 Rad8 37. Ra7 Nh5 38. a4 Ra8 39. Rb7 Qe7 40. Qd5 Kh8
41. b3 Nf4 42. Qc6 Red8 43. Bc4 Qd7 44. Kb2 Qxc6 45. bxc6 h5 46. Rh1 Kg7 47.
Kc2 Kf6 48. Kd2 Rh8 49. Ke3 h4 50. Kf2 Rh5 51. Rh2 Rah8 52. Bf1 Rg5 53. Ra7 Ne6
54. Rh3 Nd4 55. Bc4 Nxc6 56. Ra6 Rgh5 57. Bb5 Na5 58. Bc4 Nxc4 59. bxc4 Rb8 60.
Ke2 g5 61. Kd3 Rhh8 62. Kc3 Ra8 63. Rxa8 Rxa8 64. Kb3 Rh8 65. Kc3 g4 66. fxg4
Kg5 67. Kd3 Kxg4 68. Rh1 Kf3 69. Rf1+ Kg2 70. Rf7 Rg8 71. Rh7 h3 72. Ke2 h2 73.
Rxh2+ Kxh2 0-1

[Event "DRAGOMANOV FIT 2025-MASTERS"]
[Site "Kyiv"]
[Date "2025.10.02"]
[Round "4.5"]
[White "Khristovoy, Dmitriy"]
[Black "Mikhalsky, Vladimir"]
[Result "1-0"]
[WhiteElo "2163"]
[BlackElo "2219"]
[Annotator "Prokhorov,Oleksandr"]
[PlyCount "77"]
[EventDate "2025.09.30"]
[EventType "swiss"]
[EventRounds "10"]
[EventCountry "UKR"]
[EventCategory "1"]

1. e4 g6 2. d4 Bg7 3. Nc3 d6 4. Be3 a6 5. Nf3 Nd7 6. h4 h6 7. a4 e5 8. Bc4 Ngf6
9. dxe5 dxe5 10. Nd2 O-O 11. Qe2 b6 12. g4 c6 13. g5 Nh5 14. gxh6 Bf6 15. O-O-O
b5 16. Ba2 Qe7 17. Nf3 Nc5 18. Ng5 Nf4 19. Bxf4 exf4 20. e5 Bxg5 21. hxg5 Qxg5
22. Rdg1 Qf5 23. Rh5 f3 24. Rxf5 fxe2 25. Rf6 Be6 26. Bxe6 Nxe6 27. Nxe2 bxa4
28. f4 Kh7 29. f5 gxf5 30. Rxf5 Ra7 31. Nc3 Nd4 32. Rf2 Re7 33. Ne4 f5 34. Nf6+
Kh8 35. Rfg2 Ree8 36. h7 Rxf6 37. exf6 Ne2+ 38. Rxe2 Rxe2 39. f7 1-0

[Event "DRAGOMANOV FIT 2025-MASTERS"]
[Site "Kyiv"]
[Date "2025.10.02"]
[Round "4.6"]
[White "Zhukovskyi, Oleksandr"]
[Black "Diak, Hryhorii"]
[Result "1-0"]
[WhiteElo "2145"]
[BlackElo "1956"]
[Annotator "Prokhorov,Oleksandr"]
[PlyCount "111"]
[EventDate "2025.09.30"]
[EventType "swiss"]
[EventRounds "10"]
[EventCountry "UKR"]
[EventCategory "1"]

1. e4 c5 2. Nf3 d6 3. d4 cxd4 4. Qxd4 Nc6 5. Qd3 Nf6 6. Nc3 g6 7. Be2 Bg7 8.
Nd5 Nxd5 9. exd5 Ne5 10. Nxe5 dxe5 11. O-O O-O 12. Be3 f5 13. f3 f4 14. Bf2 g5
15. Qb3 Kh8 16. Rad1 Rf6 17. c4 b6 18. Rfe1 Rh6 19. Qc2 Qe8 20. g4 fxg3 21.
Bxg3 Qf7 22. Qe4 Bf5 23. Qe3 Rg8 24. Bxe5 Bf6 25. Kh1 Rg7 26. Rg1 Qh5 27. Rd2
Bxe5 28. Qxe5 g4 29. Bd1 Qg6 30. Rg3 Rh5 31. Qd4 Qd6 32. Rdg2 e5 33. Qg1 Rhg5
34. fxg4 Be4 35. Bf3 Bd3 36. b3 e4 37. Be2 Bxe2 38. Rxe2 Qe5 39. h4 R5g6 40.
Qg2 Re7 41. g5 Rg8 42. Qf2 Ree8 43. Rg4 Rgf8 44. Qe3 Rf3 45. Qxf3 exf3 46. Rxe5
Rxe5 47. Rf4 Re1+ 48. Kh2 Re2+ 49. Kg3 Rxa2 50. Kxf3 Rb2 51. d6 Rd2 52. Rf6 a5
53. Ke4 Kg7 54. Ke5 h5 55. gxh6+ Kh7 56. Rf4 1-0

[Event "DRAGOMANOV FIT 2025-MASTERS"]
[Site "Kyiv"]
[Date "2025.10.02"]
[Round "4.7"]
[White "Vashchenko, Illia"]
[Black "Alexikov, Alexander"]
[Result "1/2-1/2"]
[WhiteElo "1808"]
[BlackElo "2176"]
[Annotator "Prokhorov,Oleksandr"]
[PlyCount "55"]
[EventDate "2025.09.30"]
[EventType "swiss"]
[EventRounds "10"]
[EventCountry "UKR"]
[EventCategory "1"]

1. e4 c5 2. Nf3 d6 3. d4 cxd4 4. Nxd4 Nf6 5. Nc3 g6 6. Be3 Bg7 7. f3 Nc6 8. Qd2
O-O 9. O-O-O d5 10. exd5 Nxd5 11. Nxc6 bxc6 12. Bd4 Bxd4 13. Qxd4 Qb6 14. Na4
Qa5 15. b3 f6 16. Bc4 Rd8 17. Rhe1 e5 18. Qc5 Qxc5 19. Nxc5 Kf7 20. Rd2 g5 21.
g3 Ke7 22. Bd3 Kd6 23. Ne4+ Ke7 24. Nc5 Kd6 25. Ne4+ Ke7 26. Nc5 Kd6 27. Ne4+
Ke7 28. Nc5 $11 1/2-1/2

[Event "DRAGOMANOV FIT 2025-MASTERS"]
[Site "Kyiv"]
[Date "2025.10.02"]
[Round "4.8"]
[White "Zhukovskyi, Myhaylo"]
[Black "Nikolaev, Leonid"]
[Result "0-1"]
[WhiteElo "2156"]
[BlackElo "2206"]
[Annotator "Prokhorov,Oleksandr"]
[PlyCount "102"]
[EventDate "2025.09.30"]
[EventType "swiss"]
[EventRounds "10"]
[EventCountry "UKR"]
[EventCategory "1"]

1. Nf3 c5 2. g3 g6 3. c4 Bg7 4. Bg2 Nc6 5. Nc3 e6 6. O-O Nge7 7. e3 O-O 8. d4
d6 9. dxc5 dxc5 10. Na4 b6 11. Qe2 Ba6 12. Bd2 Qe8 13. Nc3 Rd8 14. Rfd1 Nd5 15.
Rac1 Ncb4 16. Nxd5 exd5 17. Bxb4 cxb4 18. Qd2 dxc4 19. Qxb4 Rxd1+ 20. Rxd1 Qc8
21. Nd4 Rd8 22. Rd2 Qc5 23. Qc3 Bf6 24. Bf3 b5 25. Qa5 Rd6 26. a4 Bd8 27. Qc3
b4 28. Qc2 Bf6 29. Qe4 Kg7 30. Kg2 Rb6 31. Rc2 Bb7 32. Qf4 Bxf3+ 33. Nxf3 c3
34. bxc3 b3 35. Rc1 b2 36. Rb1 Qxc3 37. Qe4 Rb4 38. Nd4 a5 39. h4 h5 40. g4
Bxd4 41. exd4 Rxd4 42. Qe5+ Kh7 43. Kh2 hxg4 44. h5 Qd3 45. hxg6+ Kxg6 46. Re1
Rd5 47. Qxb2 Rf5 48. Re3 Qf1 49. Re2 Rh5+ 50. Kg3 Qh3+ 51. Kf4 Qf3# 0-1

[Event "DRAGOMANOV FIT 2025-MASTERS"]
[Site "Kyiv"]
[Date "2025.10.02"]
[Round "4.9"]
[White "Anatskiy, Alexey"]
[Black "Mikhaletz, Lubomir"]
[Result "1/2-1/2"]
[WhiteElo "1846"]
[BlackElo "2256"]
[Annotator "Prokhorov,Oleksandr"]
[PlyCount "86"]
[EventDate "2025.09.30"]
[EventType "swiss"]
[EventRounds "10"]
[EventCountry "UKR"]
[EventCategory "1"]

1. d4 d6 2. c3 e5 3. dxe5 dxe5 4. Qxd8+ Kxd8 5. e4 Bc5 6. Bc4 Ke7 7. Nf3 Nd7 8.
b4 Bd6 9. Be3 a5 10. b5 Ngf6 11. Nbd2 Ng4 12. Nf1 Ndf6 13. N3d2 b6 14. h3 Nxe3
15. Nxe3 Bb7 16. Nf5+ Kf8 17. f3 Ba3 18. Rd1 h5 19. h4 g6 20. Ne3 Rd8 21. Nb1
Rxd1+ 22. Kxd1 Bc5 23. Ke2 Ne8 24. Bd5 Bc8 25. Nc4 f6 26. Rd1 Ke7 27. Nbd2 Bd7
28. a4 Rh7 29. Nb3 Bd6 30. Nxd6 cxd6 31. Nd2 Kd8 32. Nc4 Kc7 33. Ne3 Rg7 34. g4
hxg4 35. fxg4 Rh7 36. Rh1 Kd8 37. h5 Ng7 38. h6 Ne6 39. Bxe6 Bxe6 40. c4 Ke7
41. Kf3 Kd7 42. Nd5 Bxd5 43. cxd5 g5 1/2-1/2

[Event "DRAGOMANOV FIT 2025-MASTERS"]
[Site "Kyiv"]
[Date "2025.10.02"]
[Round "4.10"]
[White "Khristovoy, Roman"]
[Black "Romanov, Vladimir"]
[Result "1-0"]
[WhiteElo "2111"]
[BlackElo "1925"]
[Annotator "Prokhorov,Oleksandr"]
[PlyCount "93"]
[EventDate "2025.09.30"]
[EventType "swiss"]
[EventRounds "10"]
[EventCountry "UKR"]
[EventCategory "1"]

1. c4 e5 2. Nc3 Nc6 3. g3 f5 4. Bg2 Bc5 5. e3 a6 6. Nge2 Ba7 7. d4 e4 8. h4 Nf6
9. Rb1 O-O 10. b4 d5 11. c5 Ne7 12. a4 c6 13. b5 axb5 14. axb5 Bb8 15. b6 g6
16. Bd2 h6 17. Ra1 Rxa1 18. Qxa1 Be6 19. Nf4 Bf7 20. Nh3 Kg7 21. Kd1 Neg8 22.
Kc2 Ng4 23. Bf1 g5 24. hxg5 hxg5 25. Be2 N8h6 26. Qg1 Bg6 27. Kb2 Rh8 28. Qg2
Rh7 29. Ng1 Qh8 30. Na2 Kf8 31. Nc1 Ke8 32. Nb3 Kd7 33. Na5 Kc8 34. Qf1 Nf7 35.
Rxh7 Qxh7 36. Nxb7 Qh2 37. Bxg4 Kxb7 38. Be2 Kc8 39. Kc3 Nd8 40. Nh3 Ne6 41.
Qa1 Nxc5 42. Qa8 Nd7 43. Qxc6+ Kd8 44. Qxg6 Qxh3 45. Qxg5+ Ke8 46. Qg8+ Ke7 47.
Bb5 1-0

[Event "DRAGOMANOV FIT 2025-MASTERS"]
[Site "Kyiv"]
[Date "2025.10.02"]
[Round "5.1"]
[White "Kislinsky, Alexey"]
[Black "Herasymenko, Maksym"]
[Result "1-0"]
[WhiteElo "2341"]
[BlackElo "1990"]
[Annotator "Prokhorov,Oleksandr"]
[PlyCount "123"]
[EventDate "2025.09.30"]
[EventType "swiss"]
[EventRounds "10"]
[EventCountry "UKR"]
[EventCategory "1"]

1. e4 c6 2. d4 d5 3. e5 Bf5 4. h4 h5 5. Bg5 Qb6 6. Bd3 Qxd4 7. Nf3 Qg4 8. Bxf5
Qxf5 9. c4 e6 10. O-O Nd7 11. cxd5 exd5 12. Nd4 Qg4 13. Nf3 Be7 14. Bxe7 Nxe7
15. Qb3 O-O-O 16. Nbd2 Ng6 17. g3 Ngxe5 18. Rac1 Nxf3+ 19. Nxf3 Nb6 20. Ne5 Qe6
21. Nd3 Nc4 22. Qa4 Kb8 23. b3 Nb6 24. Qf4+ Ka8 25. Nc5 Qf6 26. Qc7 Rb8 27.
Rfe1 d4 28. Ne4 Qg6 29. Ng5 Rhf8 30. Rcd1 Nd5 31. Qa5 d3 32. Re4 Rfe8 33. Rd4
f6 34. Nf3 Re3 35. Nh2 Re2 36. R4xd3 Qf5 37. Nf3 g5 38. b4 g4 39. Ra3 a6 40. b5
Ne3 41. Qb6 Qxb5 42. Qxb5 cxb5 43. Rxe3 Rxe3 44. fxe3 gxf3 45. Kf2 Rc8 46. Rd2
b4 47. Kxf3 Rc4 48. e4 Kb8 49. Kf4 a5 50. Kf5 Rc3 51. Kxf6 Rxg3 52. e5 Kc7 53.
e6 Rf3+ 54. Kg6 Re3 55. Kf7 Rf3+ 56. Ke8 Rf4 57. e7 Rxh4 58. Rc2+ Kb6 59. Re2
Rg4 60. Kf7 Rf4+ 61. Kg7 Rg4+ 62. Kh7 1-0